000 00690nam a2200217Ii 4500
003 JO-AjNU
008 230605s9999||||xx |||||||||||||| ||und||
017 _a2005/11/2703
040 _aJO-AjNU
_bara
_erda
_cJO-AjNU
041 _aara
050 1 4 _aPJ7962.H832.D58 2006
100 3 _aالغنميين، يحيى عبد الرحمن,
_eauthor
_924353
245 0 0 _aديوان جمالات الخلود
250 _aط1
264 3 1 _aعمان: المؤلف، 2006
300 _a173ص
336 _atext
_btxt
_2rdacontent
337 _aunmediated
_bn
_2rdamedia
338 _avolume
_bnc
_2rdacarrier
650 4 _aالشعر العربي - العصر الحديث - الاردن
_924354
999 _aA8953
_c12521
_d12521